000 00421nam a22001697a 4500
003 NUST - PNEC
005 20170116180930.0
008 150905b xxu||||| |||| 00| 0 eng d
020 _a030641466X
040 _cLIBRARY
082 _a621.042 FUR
100 _98203
_aFurlan, G.
245 _aNonconventional energy
_cG. Furlan
260 _cc.1984
650 _98205
_aRenewable Energy Resources
_xME
942 _2ddc
_cBK
999 _c65886
_d65886